Представление документа в формате MARC21

Поле Инд. ПП Название Значение
Тип записи a
Библиографический уровень m
001 Контрольный номер RU/LIBMSTU/263911239
005 Дата корректировки 20140505121856.2
020 00 a ISBN 5-94881-007-0
c Цена, тираж 143-00
084 a Индекс другой классификации/Индекс ББК 66.3(4)
090 00 a Полочн. индекс 66.3(3)
x Авторский знак Ц 38
245 00 a Заглавие Центральноевропейские страны на рубеже ХХ-ХХI вв. : Аспекты общественно-политического развития
b Продолж. заглавия справочник
c Ответственность РАН, Ин-т славяноведения ; сост. Ю. С. Новопашин
260 00 a Место издания Москва
b Издательство Новый хронограф
c Дата издания 2003
300 00 a Объем 270 с.
b Иллюстрации/ тип воспроизводства ил.
650 _4 a Основная рубрика Центральная Европа-Внутреннее положение-Справочные издания; Юго-Восточная Европа-Внутреннее положение-Справочные издания
651 a Географическое наименование Центральная Европа
651 a Географическое наименование Юго-Восточная Европа
653 00 a Ключевые слова Внешнеполитические связи
a Ключевые слова Внутреннее положение
a Ключевые слова Государственный строй
a Ключевые слова Общественно-политическое развитие
990 00 f Даты поступлений (DOS) 11.03